| 000 | 00622nam a2200145Ia 4500 | ||
|---|---|---|---|
| 008 | 200110s9999 xx 000 0 und d | ||
| 020 | _a978-0-07-162940-9 | ||
| 100 | _aDeVany, Chris | ||
| 245 |
_cChris DeVany.-- _a90 days to a high-performance team : _ba complete problem-solving strategy to help your team thrive in any environment. Function in lean or chaotic times; eliminate rivalries and miscommunications; manage your poor performers / |
||
| 260 |
_aNew York : _bMcGraw-Hill Professional _c2010 |
||
| 300 |
_axxv,194 pages _c22.5 cm. |
||
| 500 | _aIncludes index. | ||
| 650 | _aCoaching. | ||
| 650 | _aSupervision. | ||
| 999 |
_c362891 _d362891 |
||